लोड हो रहा है...

Ismaili history and intellegence traditions

ग्रंथसूची विवरण
मुख्य लेखक: Daftary, Farhad
स्वरूप: Printed Book
प्रकाशित: Routledge, London 2018
विषय:
LEADER 00403nam a2200157 4500
082
100 |a Daftary, Farhad 
245 |a Ismaili history and intellegence traditions  |c Daftary, Farhad 
250
260 |a Routledge, London  |c 2018 
300
490
650 |a Islamic History 
942 |c BK 
999 |c 193308  |d 193308 
952 |0 0  |1 0  |4 0  |7 0  |9 206657  |a ISL  |b ISL  |l 0  |p ISL07167  |r 2019-10-28  |w 2019-10-28  |y BK